| 000 | 00733nam a2200253 a 4500 | ||
|---|---|---|---|
| 001 | 67101 | ||
| 003 | BD-RjUL | ||
| 005 | 20211209081621.0 | ||
| 008 | 170321s1968 enka b 001 0 eng | ||
| 020 | _a0521071852 | ||
| 035 | _a(BD-RjUL)67232 | ||
| 040 |
_aDLC _cDLC _dBD-RjUL _beng |
||
| 041 | _aeng | ||
| 082 | 0 | 0 |
_a571.1 _223 _bRAP 1968 |
| 100 | 1 |
_aRamsay, James Arthur. _9198766 |
|
| 245 | 1 | 0 |
_aPhysiological approach to the lower animals / _cJ. A. Ramsay. |
| 250 | _a2nd ed. | ||
| 260 |
_aLondon, _bCambridge U.P., _c1968. |
||
| 300 |
_ax, 150 p. : _bill. ; _c23 cm. |
||
| 504 | _aBibliography: p. 145-148. | ||
| 650 | 0 |
_aPhysiology, Comparative. _9198767 |
|
| 650 | 0 |
_aInvertebrates _xPhysiology. _9198768 |
|
| 942 |
_2ddc _cBK |
||
| 999 |
_c67101 _d67101 |
||